000 00826nas a2200289 4500
001 BR0807516
003 BR-BrBNA
005 20231205112657.0
007 ta
008 230509b bl.|||p| |||| 00| 00por d
040 _aBR-BrBNA
_bpor
_cBiblioteca Nacional de Agricultura
041 _a(Pt)
072 _aF30
100 1 _aAmorim, E.P.
100 1 _aRamos, N.P.
100 1 _aUngaro, M.R.G.
100 1 _aKiihl, T.A.M.
245 1 _aDivergência genética em genótipos de girassol
650 _aGIRASSOL
650 _aMELHORAMENTO GENÉTICO VEGETAL
650 _aGENÓTIPO
650 _aLINHAGEM
650 _aHÍBRIDO
773 0 _tCiência e Agrotecnologia (Brazil)
_xISSN 1413-7054
_g(Nov-Dec 2007), v. 31(6) p. 1637-1644
_wBR0807516
909 _a202311
_bLúcia
_c55
_dLúcia Elande
942 _2AGRIS
_n0
_cANA
999 _c199320
_d199320